000 00414nam a2200169Ia 4500
003 LK-CoDNM
008 010623t1963 xxu||||| |||| 00| 1 eng d
040 _aLK-CoDNM
_dLK-CoDNM
_eLK-CoDNM
041 _aeng
080 _a739.5(548)SIV
100 _aSivaramamurti, C
245 _aSouth Indian Bronzes
260 _bLalit Kala Akademi
_aIndia
_c1963
300 _b100, 35 cm
650 _aHistory
942 _cBK
999 _c106261
_d106261